Public education on disaster risk reduction : (Record no. 6868)

MARC details
000 -LEADER
fixed length control field 00696nam a22002057a 4500
003 - CONTROL NUMBER IDENTIFIER
control field OSt
005 - DATE AND TIME OF LATEST TRANSACTION
control field 20251204075341.0
008 - FIXED-LENGTH DATA ELEMENTS--GENERAL INFORMATION
fixed length control field 251204b |||||||| |||| 00| 0 eng d
020 ## - INTERNATIONAL STANDARD BOOK NUMBER
International Standard Book Number 978-971-94003-0-1.
040 ## - CATALOGING SOURCE
Original cataloging agency DWCL-Main lib
Transcribing agency OC
082 ## - DEWEY DECIMAL CLASSIFICATION NUMBER
Classification number Fil. 363.34 L845p 2007
100 ## - MAIN ENTRY--PERSONAL NAME
Personal name Lomerio-Ondiz, Rowena
245 ## - TITLE STATEMENT
Title Public education on disaster risk reduction :
Remainder of title typhoons, floods, landslides, climate change
Statement of responsibility, etc. Lomerio-Ondiz, Rowena
260 ## - PUBLICATION, DISTRIBUTION, ETC.
Place of publication, distribution, etc. Quezon City :
Name of publisher, distributor, etc. AMAR Graphic Center,
Date of publication, distribution, etc. c2007.
300 ## - PHYSICAL DESCRIPTION
Extent vii, 83 pages :
Other physical details chiefly illustration ;
Dimensions 21 cm.
650 ## - SUBJECT ADDED ENTRY--TOPICAL TERM
Source of heading or term 1. Disaster relief.
650 ## - SUBJECT ADDED ENTRY--TOPICAL TERM
Source of heading or term 2. Disasters.
700 ## - ADDED ENTRY--PERSONAL NAME
Personal name Redito, Benigno M.
942 ## - ADDED ENTRY ELEMENTS (KOHA)
Source of classification or shelving scheme Dewey Decimal Classification
Koha item type Book-Filipiniana
Call number prefix Fil.
Suppress in OPAC No

No items available.